[Event "Wch Seniors (Women) 12th"]
[Site "Naumburg"]
[Date "2002.11.01"]
[Round "10"]
[White "Komicheva, Margarita"]
[Black "Strelnikova, Elena"]
[Result "1-0"]
[WhiteElo "2186"]
[BlackElo "2175"]
[PlyCount "65"]
[EventDate "2002.10.21"]
[EventType "swiss"]
[EventRounds "11"]
[EventCountry "GER"]
[SourceTitle "EXT 2006"]
[Source "ChessBase"]
[SourceDate "2005.11.24"]
[SourceVersion "1"]
[SourceVersionDate "2005.11.24"]
[SourceQuality "1"]

1. e4 e6 2. d4 d5 3. Nd2 Nf6 4. e5 Nfd7 5. Bd3 c5 6. c3 Nc6 7. Ne2 Qb6 8. Nf3 Be7 9. 0-0 f6 10. Nf4 Nf8 11. exf6 gxf6 12. dxc5 Qxc5 13. Nd4 Ne5 14. Qh5+ Nf7 15. Bb5+ Bd7 16. Bxd7+ Nxd7 17. Nfxe6 Qc4 18. Ng7+ Kf8 19. Nde6+ Kg8 20. Nf5 Bf8 21. f4 Qe4 22. Qg4+ Ng5 23. Nxg5 fxg5 24. Qxg5+ Kf7 25. Qh5+ Kf6 26. Ng3 Bc5+ 27. Kh1 Qe6 28. Bd2 Rhg8 29. Rae1 Qg4 30. Qxd5 Bb6 31. Nh5+ Kg6 32. Re6+ Kf7 33. Qxd7+ 1-0

[Event "Wch Seniors (Women) 12th"]
[Site "Naumburg"]
[Date "2002.10.30"]
[Round "8"]
[White "Komicheva, Margarita"]
[Black "Malinicheva, Lidia"]
[Result "0-1"]
[WhiteElo "2186"]
[BlackElo "2111"]
[PlyCount "72"]
[EventDate "2002.10.21"]
[EventType "swiss"]
[EventRounds "11"]
[EventCountry "GER"]
[SourceTitle "EXT 2006"]
[Source "ChessBase"]
[SourceDate "2005.11.24"]
[SourceVersion "1"]
[SourceVersionDate "2005.11.24"]
[SourceQuality "1"]

1. e4 Nf6 2. Nc3 d5 3. e5 Nfd7 4. d4 e6 5. Nf3 b6 6. Ne2 Ba6 7. c3 Be7 8. g3 c5 9. Bg2 0-0 10. 0-0 cxd4 11. cxd4 Nc6 12. Be3 Qc8 13. Rc1 Qb7 14. Ne1 Rac8 15. f4 Na5 16. Rxc8 Rxc8 17. Rf2 Nc4 18. Bc1 Qc6 19. Nd3 f5 20. Nc3 b5 21. a3 Qb6 22. Nb4 Bb7 23. b3 Ne3 24. Qd2 Nxg2 25. Rxg2 a5 26. Nc2 Qc6 27. Na2 b4 28. axb4 a4 29. Na1 Nb6 30. Bb2 Ba6 31. bxa4 Qxa4 32. Bc1 Bc4 33. g4 Qxa2 34. Bb2 Qb1+ 35. Kf2 Bh4+ 36. Ke3 Qe4# 0-1

[Event "Wch Seniors (Women) 12th"]
[Site "Naumburg"]
[Date "2002.10.28"]
[Round "6"]
[White "Komicheva, Margarita"]
[Black "Shestoperova, Aleksandra S"]
[Result "1-0"]
[WhiteElo "2186"]
[BlackElo "2169"]
[PlyCount "125"]
[EventDate "2002.10.21"]
[EventType "swiss"]
[EventRounds "11"]
[EventCountry "GER"]
[SourceTitle "EXT 2006"]
[Source "ChessBase"]
[SourceDate "2005.11.24"]
[SourceVersion "1"]
[SourceVersionDate "2005.11.24"]
[SourceQuality "1"]

1. e4 e6 2. d4 d5 3. Nd2 dxe4 4. Nxe4 Nd7 5. Nf3 Ngf6 6. Nxf6+ Nxf6 7. Bd3 c5 8. 0-0 Qc7 9. Qe2 a6 10. c4 cxd4 11. Nxd4 Bc5 12. Nf3 0-0 13. Bg5 Be7 14. Ne5 Rd8 15. Rad1 Bd7 16. Rfe1 Be8 17. Qf3 Bc6 18. Nxc6 bxc6 19. Qh3 Qa5 20. Bxh7+ Kf8 21. Qh4 Rxd1 22. Rxd1 Rd8 23. Rxd8+ Bxd8 24. Bd3 Qe1+ 25. Bf1 Kg8 26. Qd4 Be7 27. g3 a5 28. Kg2 c5 29. Qd2 Qe4+ 30. f3 Qb7 31. Bd3 a4 32. a3 Ne8 33. Bxe7 Qxe7 34. Be2 Qd6 35. Qxd6 Nxd6 36. Bd3 f5 37. Kf2 Kf7 38. h4 e5 39. Ke3 Kf6 40. g4 f4+ 41. Kd2 e4 42. fxe4 Ke5 43. Ke2 Kd4 44. e5 Kxe5 45. h5 Nf7 46. Bc2 Nd6 47. Bxa4 Nxc4 48. b4 cxb4 49. axb4 Nb6 50. Bc6 Kf6 51. Bf3 Ke5 52. Kd3 Nd7 53. Kc4 Nb6+ 54. Kb5 Nd5 55. Kc5 Nc3 56. b5 Na4+ 57. Kc6 Kd4 58. g5 Ke5 59. b6 Nxb6 60. Kxb6 Kf5 61. g6 Kg5 62. Kc5 Kf6 63. Kd6 1-0